000
00210 a2200097 4500
001
13875
100
_a
Livingstone R W
245
_a
The Pageant of Greece
260
_a
London
_b
Oxford
_c
090
_c
10845
_d
10845
942
_a
NUST-CAE
_c
M
_c
942
999
_c
248948
_d
248948